[Event "UKR-chT 8th"]
[Site "Alushta"]
[Date "2000.04.17"]
[Round "8"]
[White "Khworostinin, Gennadij A"]
[Black "Kruppa, Yuri"]
[Result "0-1"]
[WhiteElo "2320"]
[BlackElo "2561"]
[PlyCount "64"]
[EventDate "2000.04.10"]
[EventType "team-swiss"]
[EventRounds "9"]
[EventCountry "UKR"]
[SourceTitle "EXT 2019"]
[Source "ChessBase"]
[SourceDate "2018.10.10"]
[SourceVersion "1"]
[SourceVersionDate "2018.10.10"]
[SourceQuality "1"]
[WhiteTeam "Pavlograd Tura"]
[BlackTeam "Danko-Donbass Donetsk"]
[WhiteTeamCountry "UKR"]
[BlackTeamCountry "UKR"]

1. e4 e6 2. d4 d5 3. Nc3 Bb4 4. e5 b6 5. Qg4 Bf8 6. Bg5 Qd7 7. 0-0-0 h6 8. Be3 Ne7 9. Bd3 Ba6 10. h4 Bxd3 11. Rxd3 Nf5 12. Qe2 c5 13. dxc5 bxc5 14. g4 Nxe3 15. Qxe3 Nc6 16. Nf3 Qb7 17. Nd1 Nb4 18. Ra3 c4 19. Rg1 Na6 20. g5 hxg5 21. hxg5 Bxa3 22. Qxa3 g6 23. Qa4+ Kf8 24. Nd4 Rh4 25. Qa3+ Qe7 26. Nxe6+ fxe6 27. Qxa6 Kg7 28. b3 Rah8 29. Kb2 Rf4 30. Rg2 Rh1 31. Ne3 c3+ 32. Kxc3 d4+ 0-1

[Event "UKR-chT 8th"]
[Site "Alushta"]
[Date "2000.04.16"]
[Round "7"]
[White "Eljanov, Pavel"]
[Black "Khworostinin, Gennadij A"]
[Result "1-0"]
[WhiteElo "2455"]
[BlackElo "2320"]
[PlyCount "79"]
[EventDate "2000.04.10"]
[EventType "team-swiss"]
[EventRounds "9"]
[EventCountry "UKR"]
[SourceTitle "EXT 2019"]
[Source "ChessBase"]
[SourceDate "2018.10.10"]
[SourceVersion "1"]
[SourceVersionDate "2018.10.10"]
[SourceQuality "1"]
[WhiteTeam "Kharkov Law Academy"]
[BlackTeam "Pavlograd Tura"]
[WhiteTeamCountry "UKR"]
[BlackTeamCountry "UKR"]

1. d4 Nf6 2. Nf3 g6 3. c4 Bg7 4. Nc3 0-0 5. e4 d6 6. Be2 Bg4 7. Be3 Nfd7 8. 0-0 e5 9. d5 f5 10. Ne1 Bxe2 11. Qxe2 f4 12. Bd2 a5 13. Rb1 g5 14. Nd3 Na6 15. a3 Nac5 16. Nxc5 Nxc5 17. b4 axb4 18. axb4 Na6 19. Rfc1 Rf7 20. Nd1 Bf8 21. f3 Nb8 22. Nf2 Nd7 23. Bc3 h5 24. Ra1 Rb8 25. Nd3 Qe8 26. Kh1 Rg7 27. Be1 g4 28. c5 Qg6 29. Bh4 Kh7 30. c6 bxc6 31. Rxc6 Nb6 32. Nc5 gxf3 33. gxf3 Ra8 34. Rc1 Be7 35. Bxe7 Rxe7 36. Ne6 Rxe6 37. dxe6 Qxe6 38. Rxc7+ Kh6 39. R7c6 Ra2 40. Qd3 1-0

[Event "UKR-chT 8th"]
[Site "Alushta"]
[Date "2000.04.12"]
[Round "3"]
[White "Zozulia, Anna"]
[Black "Khworostinin, Gennadij A"]
[Result "1/2-1/2"]
[WhiteElo "2360"]
[BlackElo "2320"]
[PlyCount "85"]
[EventDate "2000.04.10"]
[EventType "team-swiss"]
[EventRounds "9"]
[EventCountry "UKR"]
[SourceTitle "EXT 2019"]
[Source "ChessBase"]
[SourceDate "2018.10.10"]
[SourceVersion "1"]
[SourceVersionDate "2018.10.10"]
[SourceQuality "1"]
[WhiteTeam "Donetsk region Momot (W)"]
[BlackTeam "Pavlograd Tura"]
[WhiteTeamCountry "UKR"]
[BlackTeamCountry "UKR"]

1. e4 Nf6 2. e5 Nd5 3. d4 d6 4. exd6 cxd6 5. c4 Nb6 6. Nc3 g6 7. Be3 Bg7 8. Nf3 0-0 9. h3 Nc6 10. Rc1 d5 11. cxd5 Nxd5 12. Bc4 Nxe3 13. fxe3 e5 14. dxe5 Nxe5 15. Qxd8 Nxf3+ 16. gxf3 Rxd8 17. Ke2 Bd7 18. b3 Bc6 19. e4 Rd7 20. Rhd1 Rad8 21. Nd5 Kf8 22. b4 Ba4 23. Rg1 Bb2 24. Rb1 Bd4 25. Rg2 Bc6 26. Nf4 Rc7 27. Nd5 Bxd5 28. Bxd5 Rc2+ 29. Kf1 Rdc8 30. Re2 R8c3 31. Rxc2 Rxc2 32. Rb3 Rxa2 33. Bxb7 Ke7 34. Rd3 Bb6 35. Bc6 Rb2 36. b5 Kf6 37. Be8 Ke7 38. Bc6 h5 39. Ke1 Rh2 40. Bd7 h4 41. Kd1 g5 42. Bg4 Rb2 43. Rd5 1/2-1/2

[Event "Pavlograd West Donbass"]
[Site "Pavlograd"]
[Date "2000.??.??"]
[Round "7"]
[White "Khworostinin, Gennadij A"]
[Black "Malykin, Vitaly"]
[Result "0-1"]
[WhiteElo "2312"]
[BlackElo "2387"]
[PlyCount "88"]
[EventDate "2000.09.11"]
[EventType "tourn"]
[EventRounds "9"]
[EventCountry "UKR"]
[EventCategory "4"]
[SourceTitle "CBM 078 Extra"]
[Source "ChessBase"]
[SourceDate "2000.11.10"]
[SourceVersion "1"]
[SourceVersionDate "2000.11.10"]
[SourceQuality "1"]

1. e4 e6 2. d4 d5 3. e5 c5 4. c3 Qb6 5. Nf3 Nc6 6. a3 Nh6 7. b4 cxd4 8. cxd4 Nf5 9. Be3 Bd7 10. Bd3 Nxe3 11. fxe3 g6 12. Qe2 Rc8 13. 0-0 Bh6 14. Nbd2 Ne7 15. Rfc1 Nf5 16. Rxc8+ Bxc8 17. Nf1 Bd7 18. g4 Ne7 19. Rc1 0-0 20. h4 Rc8 21. Rxc8+ Nxc8 22. g5 Bg7 23. N3h2 a5 24. Ng4 axb4 25. axb4 Qxb4 26. Ng3 Na7 27. h5 Bb5 28. hxg6 hxg6 29. Bxb5 Nxb5 30. Nf6+ Kf8 31. Nf1 Ke7 32. Qf2 Na3 33. Qa2 Qa4 34. Qf2 Nc4 35. Ng8+ Kf8 36. Nh6 Qd7 37. Nh2 b5 38. N2g4 b4 39. Nf6 Qa7 40. Nh7+ Ke8 41. Nf6+ Kd8 42. Nfg4 b3 43. Nxf7+ Kc7 44. Nd6 Kc6 0-1

[Event "Pavlograd West Donbass"]
[Site "Pavlograd"]
[Date "2000.??.??"]
[Round "2"]
[White "Lutsko, Igor"]
[Black "Khworostinin, Gennadij A"]
[Result "0-1"]
[WhiteElo "2334"]
[BlackElo "2312"]
[PlyCount "86"]
[EventDate "2000.09.11"]
[EventType "tourn"]
[EventRounds "9"]
[EventCountry "UKR"]
[EventCategory "4"]
[SourceTitle "CBM 078 Extra"]
[Source "ChessBase"]
[SourceDate "2000.11.10"]
[SourceVersion "1"]
[SourceVersionDate "2000.11.10"]
[SourceQuality "1"]

1. d4 Nf6 2. c4 g6 3. Nc3 Bg7 4. e4 d6 5. f3 0-0 6. Bg5 c5 7. d5 e6 8. Qd2 exd5 9. cxd5 Re8 10. Nge2 a6 11. a4 Nbd7 12. Ng3 Rb8 13. Be2 Qa5 14. 0-0 h5 15. Rfc1 Nh7 16. Bh6 Bh8 17. Kh1 Ne5 18. h3 Qd8 19. Be3 h4 20. Nf1 g5 21. Nd1 Ng6 22. Ra3 b5 23. axb5 axb5 24. Ra5 Bd7 25. Rca1 Be5 26. Nf2 Nf4 27. Ra7 c4 28. Nh2 Nf6 29. Kg1 c3 30. Qd1 cxb2 31. Rb1 N4xd5 32. Bd4 Nc3 33. Bxc3 Bxc3 34. Qxd6 Be6 35. Qc5 Nxe4 36. fxe4 Bd4 37. Qc7 Bxa7 38. Qxa7 Ra8 39. Qe3 Ra1 40. Bd3 Ba2 41. Qe1 Qxd3 42. Rxa1 bxa1Q 43. Qxa1 Qb1+ 0-1

[Event "Pavlograd West Donbass"]
[Site "Pavlograd"]
[Date "2000.??.??"]
[Round "8"]
[White "Zozulia, Anna"]
[Black "Khworostinin, Gennadij A"]
[Result "1/2-1/2"]
[WhiteElo "2371"]
[BlackElo "2312"]
[PlyCount "20"]
[EventDate "2000.09.11"]
[EventType "tourn"]
[EventRounds "9"]
[EventCountry "UKR"]
[EventCategory "4"]
[SourceTitle "CBM 078 Extra"]
[Source "ChessBase"]
[SourceDate "2000.11.10"]
[SourceVersion "1"]
[SourceVersionDate "2000.11.10"]
[SourceQuality "1"]

1. e4 Nf6 2. Nc3 d5 3. e5 d4 4. exf6 dxc3 5. fxg7 cxd2+ 6. Qxd2 Qxd2+ 7. Bxd2 Bxg7 8. 0-0-0 0-0 9. Nf3 Bg4 10. Be2 Nc6 1/2-1/2

[Event "UKR-chT 7th"]
[Site "Alushta"]
[Date "1999.04.??"]
[Round "7"]
[White "Khworostinin, Gennadij A"]
[Black "Cherniakhovsky, Petr"]
[Result "1/2-1/2"]
[WhiteElo "2383"]
[BlackElo "2237"]
[PlyCount "41"]
[EventDate "1999.04.03"]
[EventType "team-swiss"]
[EventRounds "10"]
[EventCountry "UKR"]
[SourceTitle "EXT 2019"]
[Source "ChessBase"]
[SourceDate "2018.10.10"]
[SourceVersion "1"]
[SourceVersionDate "2018.10.10"]
[SourceQuality "1"]
[WhiteTeam "Pavlograd Tura"]
[BlackTeam "Sumy Khimik-Lokomotiv"]
[WhiteTeamCountry "UKR"]
[BlackTeamCountry "UKR"]

1. e4 c5 2. Nf3 d6 3. d4 cxd4 4. Nxd4 Nf6 5. Nc3 a6 6. Be3 e5 7. Nb3 Be7 8. Be2 Be6 9. 0-0 0-0 10. Nd5 Nxd5 11. exd5 Bf5 12. Bd3 Bxd3 13. Qxd3 Nd7 14. f4 Rc8 15. Rad1 Bf6 16. c3 Re8 17. f5 Bg5 18. Nd2 Bxe3+ 19. Qxe3 Nf6 20. Ne4 Nxe4 21. Qxe4 1/2-1/2

[Event "UKR-chT 7th"]
[Site "Alushta"]
[Date "1999.04.??"]
[Round "9"]
[White "Khworostinin, Gennadij A"]
[Black "Kuzmin, Gennadi P"]
[Result "0-1"]
[WhiteElo "2383"]
[BlackElo "2546"]
[PlyCount "68"]
[EventDate "1999.04.03"]
[EventType "team-swiss"]
[EventRounds "10"]
[EventCountry "UKR"]
[SourceTitle "EXT 2019"]
[Source "ChessBase"]
[SourceDate "2018.10.10"]
[SourceVersion "1"]
[SourceVersionDate "2018.10.10"]
[SourceQuality "1"]
[WhiteTeam "Pavlograd Tura"]
[BlackTeam "Danko-Donbass Donetsk"]
[WhiteTeamCountry "UKR"]
[BlackTeamCountry "UKR"]

1. e4 g6 2. d4 Bg7 3. c3 d6 4. Nf3 Nf6 5. Bd3 0-0 6. 0-0 Nc6 7. h3 e5 8. Be3 exd4 9. cxd4 Nb4 10. Nc3 Nxd3 11. Qxd3 Re8 12. Rfe1 a6 13. Rac1 b5 14. Bg5 Bb7 15. d5 h6 16. Bxf6 Qxf6 17. b3 c5 18. dxc6 Bxc6 19. Nd5 Bxd5 20. Qxd5 Qe6 21. Qxe6 Rxe6 22. Rc6 b4 23. e5 Bxe5 24. Nxe5 Rxe5 25. Kf1 Rd5 26. Re7 a5 27. Rcc7 Rf8 28. Ra7 h5 29. Red7 h4 30. f3 Rd2 31. Kg1 Rxa2 32. Rxd6 Rc8 33. Rdd7 Rc1+ 34. Kh2 Raa1 0-1

[Event "UKR-chT 7th"]
[Site "Alushta"]
[Date "1999.04.??"]
[Round "2"]
[White "Khworostinin, Gennadij A"]
[Black "Shalimov, Valery"]
[Result "0-1"]
[WhiteElo "2383"]
[BlackElo "2440"]
[PlyCount "65"]
[EventDate "1999.04.03"]
[EventType "team-swiss"]
[EventRounds "10"]
[EventCountry "UKR"]
[SourceTitle "EXT 2019"]
[Source "ChessBase"]
[SourceDate "2018.10.10"]
[SourceVersion "1"]
[SourceVersionDate "2018.10.10"]
[SourceQuality "1"]
[WhiteTeam "Pavlograd Tura"]
[BlackTeam "Lozova The Pawn"]
[WhiteTeamCountry "UKR"]
[BlackTeamCountry "UKR"]

1. e4 e6 2. d4 c5 3. Nf3 cxd4 4. Nxd4 a6 5. Bd3 Nf6 6. 0-0 Qc7 7. c4 Nc6 8. Nxc6 bxc6 9. Nc3 Be7 10. Qe2 e5 11. Be3 d6 12. h3 0-0 13. Rac1 a5 14. b3 Re8 15. Rfd1 h6 16. Bb1 c5 17. f4 Bb7 18. fxe5 dxe5 19. Qf2 a4 20. bxa4 Ra6 21. Bd3 Rc8 22. Rb1 Nd7 23. Rf1 Rf6 24. Qb2 Bc6 25. Rxf6 Nxf6 26. Nb5 Qd7 27. Qc2 Ra8 28. Rd1 Qb7 29. Nc3 Qa6 30. Qf2 Qa5 31. Bd2 Qd8 32. Bc2 Qd4 33. Be1 0-1

[Event "UKR-chT 7th"]
[Site "Alushta"]
[Date "1999.04.??"]
[Round "8"]
[White "Savon, Vladimir A"]
[Black "Khworostinin, Gennadij A"]
[Result "1/2-1/2"]
[WhiteElo "2427"]
[BlackElo "2383"]
[PlyCount "128"]
[EventDate "1999.04.03"]
[EventType "team-swiss"]
[EventRounds "10"]
[EventCountry "UKR"]
[SourceTitle "EXT 2019"]
[Source "ChessBase"]
[SourceDate "2018.10.10"]
[SourceVersion "1"]
[SourceVersionDate "2018.10.10"]
[SourceQuality "1"]
[WhiteTeam "Kharkov Law Academy"]
[BlackTeam "Pavlograd Tura"]
[WhiteTeamCountry "UKR"]
[BlackTeamCountry "UKR"]

1. e4 Nf6 2. e5 Nd5 3. d4 d6 4. Nf3 g6 5. Bc4 c6 6. 0-0 Bg7 7. exd6 Qxd6 8. c3 0-0 9. Nbd2 Nd7 10. Bb3 b5 11. a4 bxa4 12. Rxa4 N5b6 13. Ra5 Qc7 14. Re1 e6 15. Ne4 Nd5 16. Ra2 c5 17. Bxd5 exd5 18. Nxc5 Nxc5 19. dxc5 Qxc5 20. Be3 Qc7 21. Bd4 Bxd4 22. Nxd4 Bd7 23. Qf3 Rfe8 24. Rea1 Re4 25. Qg3 Qb6 26. f3 Ree8 27. Qg5 a5 28. Qd2 Bb5 29. Kh1 Bd7 30. h4 h5 31. g3 Qd6 32. Kg2 Qb6 33. b3 Re7 34. Re1 Rxe1 35. Qxe1 Re8 36. Qa1 Ra8 37. Re2 Re8 38. Rxe8+ Bxe8 39. Qe1 Qd8 40. Qe5 Qc8 41. Ne2 Qe6 42. f4 Bd7 43. Kf2 Qc6 44. Qb8+ Kg7 45. Qa7 a4 46. Qd4+ Kg8 47. bxa4 Qxa4 48. Qxd5 Bg4 49. Qd8+ Kh7 50. Qd2 Qe4 51. Nd4 Qh1 52. Qe1 Qd5 53. Qb1 Qa5 54. Qb2 Qa8 55. Qb1 Qa5 56. Qb3 Kg7 57. Qb2 Qa8 58. c4 Kh7 59. Qc3 Qa2+ 60. Qc2 Qa1 61. Nf3 Bxf3 62. Kxf3 Qf1+ 63. Ke4 Qe1+ 64. Kf3 Qf1+ 1/2-1/2